Earth, wind and water (Record no. 66363)
[ view plain ]
| 000 -LEADER | |
|---|---|
| fixed length control field | 00895cam a2200253 4500 |
| 001 - CONTROL NUMBER | |
| control field | ABS63788 |
| 008 - FIXED-LENGTH DATA ELEMENTS--GENERAL INFORMATION | |
| fixed length control field | 000000n2001 000 0 eng u |
| 035 ## - SYSTEM CONTROL NUMBER | |
| System control number | (Sirsi) u111388 |
| 100 ## - MAIN ENTRY--PERSONAL NAME | |
| Personal name | Saunders, O. |
| 245 ## - TITLE STATEMENT | |
| Title | Earth, wind and water |
| 260 ## - PUBLICATION, DISTRIBUTION, ETC. | |
| Date of publication, distribution, etc. | 2001 |
| 490 ## - SERIES STATEMENT | |
| Series statement | Estates Gazette |
| Volume/sequential designation | (0106) 10 February 2001, 152-154(3) |
| 520 ## - SUMMARY, ETC. | |
| Summary, etc. | The second in a series of "mainly for students" articles giving guidance on conducting specialist property valuations (for details of the first article see: ABS63087). Highlights issues involved in the valuation of airports, marinas and garden centres. |
| 590 ## - LOCAL NOTE (RLIN) | |
| Local note | ABS |
| 650 ## - SUBJECT ADDED ENTRY--TOPICAL TERM | |
| Topical term or geographic name entry element | MAINLY FOR STUDENTS |
| 650 ## - SUBJECT ADDED ENTRY--TOPICAL TERM | |
| Topical term or geographic name entry element | AIRPORTS |
| 650 ## - SUBJECT ADDED ENTRY--TOPICAL TERM | |
| Topical term or geographic name entry element | MARINAS |
| 650 ## - SUBJECT ADDED ENTRY--TOPICAL TERM | |
| Topical term or geographic name entry element | GARDEN CENTRES |
| 650 ## - SUBJECT ADDED ENTRY--TOPICAL TERM | |
| Topical term or geographic name entry element | SPECIALIST PROPERTY |
| 690 ## - LOCAL SUBJECT ADDED ENTRY--TOPICAL TERM (OCLC, RLIN) | |
| Topical term or geographic name as entry element | PROPERTY-PROPERTY APPRAISAL AND VALUATION |
| 700 ## - ADDED ENTRY--PERSONAL NAME | |
| Personal name | Lear, J. |
| 700 ## - ADDED ENTRY--PERSONAL NAME | |
| Personal name | Quinton Smith, S. |
| 942 ## - ADDED ENTRY ELEMENTS (KOHA) | |
| Suppress in OPAC | 0 |
| Withdrawn status | Lost status | Source of classification or shelving scheme | Damaged status | Not for loan | Home library | Current library | Shelving location | Date acquired | Total Checkouts | Full call number | Barcode | Date last seen | Copy number | Price effective from | Koha item type |
|---|---|---|---|---|---|---|---|---|---|---|---|---|---|---|---|
| Dewey Decimal Classification | London | London | Journal article | 13/03/2001 | ABS63788 | 111388-1001 | 06/08/2019 | 1 | 06/08/2019 | Journal article |